header

Responsive production and the agile enterprise (Record no. 65605)

MARC details
000 -LEADER
fixed length control field 01190nam a2200277Ia 4500
245 00 - TITLE STATEMENT
Title Responsive production and the agile enterprise
260 ## - PUBLICATION, DISTRIBUTION, ETC. (IMPRINT)
Place of publication Bradford, England :
Name of publisher Emerald Group Publishing,
Year of publication c2002.
300 ## - PHYSICAL DESCRIPTION
Number of Pages 41 p.
490 0# - SERIES STATEMENT
Series statement Integrated manufacturing systems: the international journal of manufacturing technology management ;
650 #0 - SUBJECT ADDED ENTRY--TOPICAL TERM
Topical Term Computer integrated manufacturing systems.
Topical Term Production management.
700 1# - ADDED ENTRY--PERSONAL NAME
Personal name Forrester, Paul.
856 40 - ELECTRONIC LOCATION AND ACCESS
Uniform Resource Identifier http://site.ebrary.com/lib/rucke/Doc?id=10052814

No items available.

© 2026 Rongo University
Contact us: librarian | system librarian | Rongo university